MARC details
| 000 -LEADER |
| fixed length control field |
02977cam a2200625 i 4500 |
| 001 - CONTROL NUMBER |
| control field |
23702033 |
| 003 - CONTROL NUMBER IDENTIFIER |
| control field |
MaObMVR |
| 005 - DATE AND TIME OF LATEST TRANSACTION |
| control field |
20251017134431.0 |
| 008 - FIXED-LENGTH DATA ELEMENTS--GENERAL INFORMATION |
| fixed length control field |
240810t20252025nyub e 000 1 eng d |
| 010 ## - LIBRARY OF CONGRESS CONTROL NUMBER |
| LC control number |
2024939056 |
| 020 ## - INTERNATIONAL STANDARD BOOK NUMBER |
| International Standard Book Number |
9780316577229 |
| Qualifying information |
trade paperback) |
| 020 ## - INTERNATIONAL STANDARD BOOK NUMBER |
| International Standard Book Number |
0316577227 |
| Qualifying information |
(trade paperback) |
| 035 ## - SYSTEM CONTROL NUMBER |
| System control number |
(OCoLC)1451659487 |
| 035 ## - SYSTEM CONTROL NUMBER |
| System control number |
23702033 |
| 040 ## - CATALOGING SOURCE |
| Original cataloging agency |
YDX |
| Language of cataloging |
eng |
| Description conventions |
rda |
| Transcribing agency |
YDX |
| Modifying agency |
UAG |
| -- |
HBP |
| -- |
OCLCO |
| -- |
JQF |
| -- |
OJ4 |
| -- |
TH8 |
| -- |
SO$ |
| -- |
GP5 |
| -- |
MWD |
| -- |
NGU |
| -- |
SDD |
| -- |
OCLCQ |
| -- |
VLR |
| -- |
DLC |
| 042 ## - AUTHENTICATION CODE |
| Authentication code |
lccopycat |
| 050 00 - LIBRARY OF CONGRESS CALL NUMBER |
| Classification number |
PR6108.O335 |
| Item number |
R38 2025 |
| 082 04 - DEWEY DECIMAL CLASSIFICATION NUMBER |
| Classification number |
813.54 |
| Edition number |
23 |
| 082 04 - DEWEY DECIMAL CLASSIFICATION NUMBER |
| Classification number |
823.92 |
| Edition number |
23 |
| 100 1# - MAIN ENTRY--PERSONAL NAME |
| Personal name |
Hodgson, Antonia, |
| Relator term |
author. |
| 9 (RLIN) |
55199 |
| 245 14 - TITLE STATEMENT |
| Title |
The raven scholar / |
| Statement of responsibility, etc |
Antonia Hodgson. |
| 250 ## - EDITION STATEMENT |
| Edition statement |
First edition. |
| 300 ## - PHYSICAL DESCRIPTION |
| Extent |
660 pages : |
| Other physical details |
maps ; |
| Dimensions |
24 cm. |
| 490 1# - SERIES STATEMENT |
| Series statement |
Eternal path trilogy ; |
| Volume number/sequential designation |
Book one |
| 500 ## - GENERAL NOTE |
| General note |
Includes an excerpt from The mercy makers by Tessa Gratton. |
| 520 ## - SUMMARY, ETC. |
| Summary, etc |
"Let us fly now to the empire of Orrun, where after twenty-four years of peace, the reign of Bersun the Brusque has come to an end. In the dizzying heat of midsummer, seven exceptional warriors, thinkers, strategists compete to replace him. When one of them is murdered, it falls to Neema Kraa, the emperor's brilliant, idiosyncratic High Scholar, to find the killer and fight for the throne. Neema believes she is alone. But we are here to help; all she has to do is let us in. If she succeeds, we will win an empire. If she fails, death awaits her. But we won't let that happen."-- |
| 650 #0 - SUBJECT ADDED ENTRY--TOPICAL TERM |
| Topical term or geographic name as entry element |
Emperors |
| Form subdivision |
Fiction. |
| 9 (RLIN) |
9672 |
| 650 #0 - SUBJECT ADDED ENTRY--TOPICAL TERM |
| Topical term or geographic name as entry element |
Competition |
| Form subdivision |
Fiction. |
| 9 (RLIN) |
41715 |
| 650 #0 - SUBJECT ADDED ENTRY--TOPICAL TERM |
| Topical term or geographic name as entry element |
Murder |
| Form subdivision |
Fiction. |
| 650 #0 - SUBJECT ADDED ENTRY--TOPICAL TERM |
| Topical term or geographic name as entry element |
Scholars |
| Form subdivision |
Fiction. |
| 9 (RLIN) |
40999 |
| 650 #0 - SUBJECT ADDED ENTRY--TOPICAL TERM |
| Topical term or geographic name as entry element |
Inheritance and succession |
| Form subdivision |
Fiction. |
| 650 #0 - SUBJECT ADDED ENTRY--TOPICAL TERM |
| Topical term or geographic name as entry element |
Ravens |
| Form subdivision |
Fiction. |
| 9 (RLIN) |
55200 |
| 650 #0 - SUBJECT ADDED ENTRY--TOPICAL TERM |
| Topical term or geographic name as entry element |
Imaginary wars and battles |
| Form subdivision |
Fiction. |
| 650 #6 - SUBJECT ADDED ENTRY--TOPICAL TERM |
| Topical term or geographic name as entry element |
Empereurs |
| Form subdivision |
Romans, nouvelles, etc. |
| 9 (RLIN) |
55201 |
| 650 #6 - SUBJECT ADDED ENTRY--TOPICAL TERM |
| Topical term or geographic name as entry element |
Meurtre |
| Form subdivision |
Romans, nouvelles, etc. |
| 9 (RLIN) |
55202 |
| 650 #6 - SUBJECT ADDED ENTRY--TOPICAL TERM |
| Topical term or geographic name as entry element |
Savants |
| Form subdivision |
Romans, nouvelles, etc. |
| 9 (RLIN) |
55203 |
| 650 #6 - SUBJECT ADDED ENTRY--TOPICAL TERM |
| Topical term or geographic name as entry element |
Successions et héritages |
| Form subdivision |
Romans, nouvelles, etc. |
| 9 (RLIN) |
55204 |
| 650 #6 - SUBJECT ADDED ENTRY--TOPICAL TERM |
| Topical term or geographic name as entry element |
Corbeaux |
| Form subdivision |
Romans, nouvelles, etc. |
| 9 (RLIN) |
55205 |
| 650 #6 - SUBJECT ADDED ENTRY--TOPICAL TERM |
| Topical term or geographic name as entry element |
Guerres et batailles imaginaires |
| Form subdivision |
Romans, nouvelles, etc. |
| 9 (RLIN) |
55206 |
| 650 #7 - SUBJECT ADDED ENTRY--TOPICAL TERM |
| Topical term or geographic name as entry element |
FICTION / Fantasy / Epic. |
| Source of heading or term |
bisacsh |
| 9 (RLIN) |
55207 |
| 650 #7 - SUBJECT ADDED ENTRY--TOPICAL TERM |
| Topical term or geographic name as entry element |
FICTION / Fantasy / Dark Fantasy. |
| Source of heading or term |
bisacsh |
| 9 (RLIN) |
55208 |
| 650 #7 - SUBJECT ADDED ENTRY--TOPICAL TERM |
| Topical term or geographic name as entry element |
FICTION / Fantasy / Action & Adventure. |
| Source of heading or term |
bisacsh |
| 9 (RLIN) |
55209 |
| 650 #7 - SUBJECT ADDED ENTRY--TOPICAL TERM |
| Topical term or geographic name as entry element |
Emperors |
| Form subdivision |
Fiction. |
| Source of heading or term |
sears |
| 9 (RLIN) |
9672 |
| 650 #7 - SUBJECT ADDED ENTRY--TOPICAL TERM |
| Topical term or geographic name as entry element |
Contests |
| Form subdivision |
Fiction. |
| Source of heading or term |
sears |
| 650 #7 - SUBJECT ADDED ENTRY--TOPICAL TERM |
| Topical term or geographic name as entry element |
Imperialism |
| Form subdivision |
Fiction. |
| Source of heading or term |
sears |
| 9 (RLIN) |
39250 |
| 650 #7 - SUBJECT ADDED ENTRY--TOPICAL TERM |
| Topical term or geographic name as entry element |
Homicide |
| Form subdivision |
Fiction. |
| Source of heading or term |
sears |
| 9 (RLIN) |
43208 |
| 650 #7 - SUBJECT ADDED ENTRY--TOPICAL TERM |
| Topical term or geographic name as entry element |
Fantasy fiction. |
| Source of heading or term |
sears |
| 655 #7 - INDEX TERM--GENRE/FORM |
| Genre/form data or focus term |
Novels. |
| Source of term |
lcgft |
| 655 #7 - INDEX TERM--GENRE/FORM |
| Genre/form data or focus term |
Fantasy fiction. |
| Source of term |
lcgft |
| 655 #7 - INDEX TERM--GENRE/FORM |
| Genre/form data or focus term |
Romans. |
| Source of term |
rvmgf |
| 9 (RLIN) |
40739 |
| 800 1# - SERIES ADDED ENTRY--PERSONAL NAME |
| Personal name |
Hodgson, Antonia. |
| Title of a work |
Eternal path trilogy ; |
| Volume/sequential designation |
Book one. |
| 9 (RLIN) |
55210 |
| 906 ## - LOCAL DATA ELEMENT F, LDF (RLIN) |
| a |
0 |
| b |
ibc |
| c |
copycat |
| d |
2 |
| e |
epcn |
| f |
20 |
| g |
y-gencatlg |
| 942 ## - ADDED ENTRY ELEMENTS (KOHA) |
| Source of classification or shelving scheme |
Dewey Decimal Classification |
| Koha item type |
Book |